Invitation / (Record no. 84917)

MARC details
000 -LEADER
fixed length control field 00491nam a22001817a 4500
005 - DATE AND TIME OF LATEST TRANSACTION
control field 20140606114429.0
010 ## - LCCN (DPL NO)
LC control number ENG-109907
020 ## - INTERNATIONAL STANDARD BOOK NUMBER
International Standard Book Number 9789380658650
Terms of availability 695.00
035 ## - SYSTEM CONTROL NUMBER
System control number EN-93440
037 ## - SOURCE OF ACQUISITION
Source of stock number/acquisition DBAD/PUB
082 ## - DEWEY DECIMAL CLASSIFICATION NUMBER
Classification number N
100 ## - MAIN ENTRY--PERSONAL NAME
Personal name Shehryar Fazli
245 ## - TITLE STATEMENT
Title Invitation /
Statement of responsibility, etc by Shehryar Fazli
260 ## - PUBLICATION, DISTRIBUTION, ETC. (IMPRINT)
Place of publication, distribution, etc Chennai
Name of publisher, distributor, etc Tranquebar Press
Date of publication, distribution, etc 2013
270 ## - ADDRESS
Address Venkat Towers,165, P.H. Road, Maduravoyal
City Chennai
Postal code 600095
300 ## - PHYSICAL DESCRIPTION
Extent 385p..
Dimensions 23cm(Hb)
942 ## - ADDED ENTRY ELEMENTS (KOHA)
Source of classification or shelving scheme Dewey Decimal Classification
Item type English Books
Call number suffix FAZ
Classification part N
Holdings
Withdrawn status Lost status Not for loan Collection code Home library Current library Date acquired Source of acquisition Cost, normal purchase price Full call number Barcode Copy number Cost, replacement price Koha item type
    Not For Loan Fiction D.B.Act.Division D.B.Act.Division 06/06/2014 DBAD/PUB 695.00 N FAZ EN-93440 1 695.00 English Books

© Delhi Public Library
Hit Counter
free hit counter